000 00527nam a2200169Ia 4500
005 20250508162949.0
008 008 250505s9999 xx 000 0 eng d
037 _aTextual
040 _aFEDL
_beng
_cFEDL
041 _aeng
_2eng
084 _a371.33, UNE
_qFEDL
245 0 _aGuidelines for repackaging multi-media resources
260 _aBangkok, Thailand
_bUNESCO Regional Office for Education in Asia and the Pacific
_c1982
300 _a31p.
942 _cTEXL
_h371.33, UNE
999 _c1379664
_d1379664